ROSALIA - LUX tracklist - Statistics

General Stats
  • This quiz has been taken 177 times
  • The average score is 13 of 18
Answer Stats
Answer % Correct
Reliquia
92%
La Perla
89%
Berghain
88%
Divinize
88%
Porcelana
86%
Magnolias
85%
Sexo, Violencia y Llantas
83%
La Yugular
79%
Dios Es Un Stalker
78%
Memória
77%
De Madrugá
73%
Mio Cristo Piange Diamanti
72%
La Rumba del Perdón
69%
Mundo Nuevo
69%
Sauvignon Blanc
68%
Jeanne
55%
Novia Robot
50%
Focu Ranni
45%
No matching quizzes found
Score Distribution
Percent of People with Each Score
Percentile by Number Answered
Your Score History
You have not taken this quiz